Largest Countries - Sudden Death - Statistics

General Stats
  • This quiz has been taken 139 times
  • The average score is 7 of 15
Answers on the Grid
Answers color-coded by a green-red scale on the quiz's grid according to % correct below.
Venezuela
USA
Ukraine
Sudan
Saudi Arabia
Russia
Namibia
Peru
Pakistan
Nigeria
Niger
Mongolia
Mexico
Mauritania
Libya
Kazakhstan
Iran
Indonesia
India
France
DRC
Colombia
China
Chile
Chad
Canada
Brazil
Australia
Argentina
Algeria
 
Answer Stats
Answer % Correct
Canada
73%
USA
73%
Russia
71%
China
65%
Australia
63%
Brazil
61%
India
50%
Kazakhstan
50%
Argentina
39%
Mexico
37%
Algeria
29%
DRC
27%
Saudi Arabia
27%
Indonesia
24%
Sudan
16%
No matching quizzes found
Score Distribution
Percent of People with Each Score
Percentile by Number Answered
Your Score History
You have not taken this quiz